00000000nam##2200000za#4500
0019.615122
003CaOODSP
00520210929082757
007ta
008150406|2000||||xxc|||||     f|0| 0 eng|d
020 |a0-662-28689-8
022 |a1209-6571
040 |aCaOODSP|beng
043 |an-cn---
0861 |aFo29-47/16-2000E
1101 |aCanada. |bNatural Resources Canada. |bCanadian Forest Service.
24510|aManagement of root diseases by stumping, and push-falling|cby R. N. Sturrock.
260 |aVictoria - British Columbia : |bNatural Resources Canada.
300 |a8p. : |billus., references, tables ; |c28 cm.
4901 |aTechnology transfer note|x1209-6571|vNo. 16, [1999]
563 |aPamphlet
590 |a00-28|b2000-07-14
69007|aTrees|2gcpds
69007|aPlant diseases|2gcpds
69007|aFungi|2gcpds
7201 |aSturrock, R. N.
7760#|tManagement of root diseases by stumping and push-falling|w(CaOODSP)9.572369
830#0|aTechnology transfer note,|x1209-6571|vNo. 16, [1999]|w(CaOODSP)9.514646